Daniil Charms /

Hlavní autor: Kobrinskij, Aleksandr Arkad'jevič, 1967-
Další autoři: Solařík, Bruno, 1968-
Jazyk: Čeština
Vydáno: V Praze ; Dauphin, 2024/2025
Témata:
Fyzický popis: 715 stran : ilustrace, portréty, faksimile ; 20 cm
Language note: Český text
Knihy
Uloženo v:
LEADER 02449nam a2200661 i 4500
001 nkc20253685609
003 CZ PrNK
005 20251017092214.0
007 ta
008 250516q20242025xr ach f 000 0bcze
015 |a cnb003685609 
020 |a 978-80-7645-618-1  |q (brožováno) :  |c Kč 698,00 
035 |a (OCoLC)1531362679 
040 |a BOA001  |b cze  |e rda 
041 1 |a cze  |h rus 
045 |a x0x4 
072 7 |a 821.161.1.09  |x Ruská literatura, rusky psaná (o ní)  |2 Konspekt  |9 11 
072 7 |a 929  |x Biografie  |2 Konspekt  |9 8 
080 |a 821.161.1-051  |2 MRF 
080 |a 821.161.1  |2 MRF 
080 |a 82.09  |2 MRF 
080 |a 82.07  |2 MRF 
080 |a 929  |2 MRF 
080 |a (048.8)  |2 MRF 
080 |a (092)  |2 MRF 
100 1 |a Kobrinskij, Aleksandr Arkad'jevič,  |d 1967-  |7 js2007400450  |4 aut 
240 1 0 |a Daniil Charms.  |l Česky 
245 1 0 |a Daniil Charms /  |c Alexandr Kobrinskij ; přeložil, doslovem a poznámkami vybavil Bruno Solařík 
264 1 |a V Praze ;  |a Podlesí :  |b Dauphin,  |c 2024/2025 
300 |a 715 stran :  |b ilustrace, portréty, faksimile ;  |c 20 cm 
336 |a text  |b txt  |2 rdacontent 
337 |a bez média  |b n  |2 rdamedia 
338 |a svazek  |b nc  |2 rdacarrier 
500 |a Přeloženo z ruštiny 
500 |a 800 výtisků 
504 |a Obsahuje bibliografii a bibliografické odkazy 
546 |a Český text 
600 1 7 |a Charms, Daniil Ivanovič,  |d 1905-1942  |7 jn19990003804  |2 czenas 
648 7 |a 20. století  |7 ch460558  |2 czenas 
648 4 |a 1905-1942 
650 0 7 |a ruští spisovatelé  |7 ph125356  |y 20. století  |2 czenas 
650 0 7 |a ruská literatura  |7 ph125327  |y 20. století  |2 czenas 
650 0 7 |a literárněvědné rozbory  |7 ph138745  |2 czenas 
650 0 7 |a interpretace a přijetí literárního díla  |7 ph137145  |2 czenas 
650 0 9 |a Russian authors  |y 20th century  |2 eczenas 
650 0 9 |a Russian literature  |y 20th century  |2 eczenas 
650 0 9 |a literary criticism and history  |2 eczenas 
650 0 9 |a interpretation and reception of literature  |2 eczenas 
655 7 |a monografie  |7 fd132842  |2 czenas 
655 7 |a biografie  |7 fd131909  |2 czenas 
655 9 |a monographs  |2 eczenas 
655 9 |a biography  |2 eczenas 
700 1 |a Solařík, Bruno,  |d 1968-  |7 jn19990209782  |4 waw  |4 edt  |4 trl 
910 2 |a BOA001  |b 1-1543.835 
990 |a BK 
995 |a 01 
991 |b 202505  |c NOV 
996 6 |b 2611004040  |c 1-1543.835  |l MZK  |r Sklad / do 1 hodiny  |n 3  |p p.v.  |w 002005739  |u 000010  |a 1  |e BOA001  |j MZK50  |s P